Networking / (Record no. 11288)

MARC details
000 -LEADER
fixed length control field 01551cam a2200361 a 4500
001 - CONTROL NUMBER
control field 15378078
005 - DATE AND TIME OF LATEST TRANSACTION
control field 20080930173657.0
008 - FIXED-LENGTH DATA ELEMENTS--GENERAL INFORMATION
fixed length control field 080723s2009 njua 001 0 eng
010 ## - LIBRARY OF CONGRESS CONTROL NUMBER
LC control number 2008032371
015 ## - NATIONAL BIBLIOGRAPHY NUMBER
National bibliography number GBA893182
Source bnb
016 7# - NATIONAL BIBLIOGRAPHIC AGENCY CONTROL NUMBER
Record control number 014679665
Source Uk
020 ## - INTERNATIONAL STANDARD BOOK NUMBER
International Standard Book Number 0131358383
020 ## - INTERNATIONAL STANDARD BOOK NUMBER
International Standard Book Number 9780131358386
035 ## - SYSTEM CONTROL NUMBER
System control number (OCoLC)ocn227928481
035 ## - SYSTEM CONTROL NUMBER
System control number (OCoLC)227928481
040 ## - CATALOGING SOURCE
Original cataloging agency DLC
Transcribing agency DLC
Modifying agency BTCTA
-- UKM
-- BAKER
-- C#P
-- YDXCP
-- BWX
-- DLC
050 00 - LIBRARY OF CONGRESS CALL NUMBER
Classification number TK5105.5
Item number .B39 2009
082 00 - DEWEY DECIMAL CLASSIFICATION NUMBER
Classification number 004.6
Edition number 22
Item number BEA
100 1# - MAIN ENTRY--PERSONAL NAME
Personal name Beasley, Jeffrey S.,
Dates associated with a name 1955-
9 (RLIN) 3616
245 10 - TITLE STATEMENT
Title Networking /
Statement of responsibility, etc Jeffrey S. Beasley.
250 ## - EDITION STATEMENT
Edition statement 2nd ed.
260 ## - PUBLICATION, DISTRIBUTION, ETC. (IMPRINT)
Place of publication, distribution, etc Upper Saddle River, NJ :
Name of publisher, distributor, etc Prentice Hall,
Date of publication, distribution, etc c2009.
300 ## - PHYSICAL DESCRIPTION
Extent xxiv, 693 p. :
Other physical details ill. ;
Dimensions 27 cm. +
Accompanying material 1 CD-ROM (4 3/4 in.)
500 ## - GENERAL NOTE
General note Includes index.
650 #0 - SUBJECT ADDED ENTRY--TOPICAL TERM
Topical term or geographic name as entry element Computer networks
General subdivision Design and construction.
9 (RLIN) 3617
650 #0 - SUBJECT ADDED ENTRY--TOPICAL TERM
Topical term or geographic name as entry element TCP/IP (Computer network protocol)
9 (RLIN) 3618
650 #0 - SUBJECT ADDED ENTRY--TOPICAL TERM
Topical term or geographic name as entry element Internetworking (Telecommunication)
9 (RLIN) 3619
653 ## - INDEX TERM--UNCONTROLLED
Resource For college
942 ## - ADDED ENTRY ELEMENTS (KOHA)
Source of classification or shelving scheme Dewey Decimal Classification
Item type Book - Borrowing
Holdings
Withdrawn status Item status Source of classification or shelving scheme Damaged status Not for loan Vendor Home library Current library Shelving location Date acquired Source of acquisition Cost, normal purchase price Serial Enumeration / chronology Total Checkouts Total Renewals Full call number Barcode Date last seen Date last borrowed Koha item type Cost, replacement price
    Dewey Decimal Classification     Alahram Central Library Central Library Lower Floor 13/04/2009   499.00 378 3 11 004.6 BEA 000015533 15/07/2025 01/11/2015 Book - Borrowing  
  Lost and Paid For Dewey Decimal Classification     Alahram Central Library Central Library Lower Floor 13/04/2009     378 3 8 004.6 BEA 000015534 17/01/2012 17/01/2012 CD | DVD - With book 680.00